01207nabaa22002057a 4500003000400000005001700004008004100021040000700062245012900069300001500198500003700213505040300250505008900653650002700742650002300769650003300792650002400825700003100849773012100880OSt20260125205518.0190701b xxu||||| |||| 00| 0 spa d cPJ10aModificaciones efectuadas al procedimiento administrativo a partir del dictado de la Ley Bases /cMaría Teresa Calviño.  ap. 118-126 aCita: TR LALEY AR/DOC/2764/2024  aSumario: I. Introducción.— II. Reforma integral a la ley 19.549.— III. Cuestiones de competencia.— IV. Requisitos esenciales del acto administrativo.— V. Revocación de actos administrativos.— VI. Derogación del acto de alcance general.— VII. Saneamiento del acto administrativo.— VIII. Prescripción.— IX. Impugnación judicial de actos administrativos.— X. Conclusión.  t¿Te interesa el texto completo? Comunicate al correo: koha@justierradelfuego.gov.ar 0aDERECHO ADMINISTRATIVO 0aREFORMA DEL ESTADO 0aPROCEDIMIENTO ADMINISTRATIVO 0aACTO ADMINISTRATIVO aCalviño, María Teresa 0 02842dBuenos Aires : AbeledoPerrot, 2012-oDA121tDerecho administrativo. Nº 156 noviembre/diciembre 2024z18510590